|
|
|
|
| LEADER |
01125nam a2200229 i 4500 |
| 001 |
c000130869 |
| 003 |
CARM |
| 005 |
00000000000000.0 |
| 008 |
850225s1959 sp 0 eng d |
| 019 |
1 |
|
|a 10228548
|z 41882881
|z 44868766
|z 55254972
|5 LACONCORD2021
|
| 035 |
|
|
|a (OCoLC)421874
|5 LACONCORD2021
|
| 245 |
0 |
0 |
|a Relaciones historico-literarias de la America meridional :
|b Relacion general de la Villa Imperial de Potosi /
|c [por] Luis Capoche ; Ed. y estudio preliminar por Lewis Hanke.
|
| 260 |
|
|
|a Madrid :
|b Ediciones Atlas,
|c 1959.
|
| 300 |
|
|
|a 411 p. :
|b illus.
|
| 440 |
|
0 |
|a Biblioteca de autores espanoles ;
|v t. 122
|
| 651 |
|
0 |
|a Potosi, Bolivia (Dept.).
|
| 651 |
|
0 |
|a South America
|x Guidebooks.
|
| 700 |
1 |
|
|a Capoche, Luis,
|d 1576 or 7 - 1613.
|t Relacion general de la Villa Imperial de Potosi.
|
| 700 |
2 |
0 |
|a Bustamante Carlos, Calixto,
|d fl.1773.
|t El lazarillo de ciegos caminantes.
|
| 852 |
8 |
|
|b CARM
|h A2:AF28F0
|i C01269
|p 0072488
|f BK
|
| 999 |
f |
f |
|i a0f6dae0-7c71-5702-89b7-5421ef6d0242
|s 14b60820-18f3-5a63-ab95-29969f3e0314
|
| 952 |
f |
f |
|p Can circulate
|a CAVAL
|b CAVAL
|c CAVAL
|d CARM 1 Store
|e C01269
|f A2:AF28F0
|h Other scheme
|i book
|m 0072488
|